000
00268nam a2200109Ia 4500
008
190216s9999||||xx |||||||||||||| ||und||
100
_a
Vaikam Muhammed Basheer
245
0
_a
Malayalam-Jeevitha Nizhal Padukal
260
_b
Dc Books
650
_a
Malayalam
942
_c
BK
999
_c
26164
_d
26164